Finalistes de la Ligue des champions de l'UEFA - Mort subite - Statistiques

Statistiques générales
  • Ce quiz a été pris 699 fois
  • Le résultat moyen est 13 sur 25
Answers on the Grid
Answers color-coded by a green-red scale on the quiz's grid according to % correct below.
Real Madrid
AC Milan
Bayern Munich
Liverpool FC
FC Barcelone
Ajax Amsterdam
Juventus FC
Manchester United
Chelsea FC
SL Benfica
Nottingham Forest
FC Porto
Celtic FC
Hambourg SV
Steaua
Aston Villa
PSV Eindhoven
Atlético de Madrid
Stade de Reims
Panathinaïkós
Borussia Mönchengladbach
Malmö FF
AS Rome
UC Sampdoria
Tottenham
Hertha Berlin
Kaiserslautern
Schalke 04
RB Leipzig
VfB Stuttgart
Séville FC
Deportivo La Corogne
Villarreal CF
Athletic Bilbao
LOSC Lille
Bordeaux
AJ Auxerre
Newcastle United
Blackburn Rovers
SSC Naples
Lazio Rome
Atalanta Bergame
AZ Alkmaar
Spartak Moscou
CSKA Moscou
Anderlecht
Galatasaray
BSC Young Boys
IFK Göteborg
Olympiakos
Rangers FC
 
Statistiques - réponses
Réponse % Correct
Bayern Munich
73%
Juventus FC
71%
Real Madrid
71%
AC Milan
69%
FC Barcelone
69%
Chelsea FC
68%
Liverpool FC
68%
Manchester United
65%
Ajax Amsterdam
64%
FC Porto
64%
Atlético de Madrid
63%
Nottingham Forest
57%
SL Benfica
56%
Tottenham
56%
PSV Eindhoven
54%
Aston Villa
53%
Stade de Reims
53%
Celtic FC
48%
Hambourg SV
43%
Steaua
36%
AS Rome
23%
UC Sampdoria
21%
Borussia Mönchengladbach
18%
Malmö FF
14%
Panathinaïkós
12%
Aucun quiz correspondant
Distribution des résultats
% des personnes avec chaque résultat
Percentile par nombre de réponses
Votre historique - résultats
Vous n’avez pas pris ce quiz